000 00769nam a2200241Ia 4500
003 OSt
005 20220923223643.0
006 a|||||r|||| 00| 0
007 ta
008 Pun
024 _a219,589
037 _cTextual
040 _aARTS
_cARTS
_bPun
041 _2Pun
_aPun
082 _aO153,3N05x, P3
100 _aਆਨੰਦ, ਜਗਜੀਤ ਸਿੰਘ, ਥਦ.
245 0 _aਅਰਜਨ ਸਿੰਘ ਗੜਗੱਜ ਦੀ ਸਮੁੱਚੀ ਰਚਨਾ
260 _aਜਲੰਧਰ
_b ਕੁਕਨੁਸ ਪ੍ਰਕਾFਨ
_c2003
300 _a364ਪੰ
_ccm.
650 _aਪੰਜਾਬੀ ਸਾਹਿਤ
942 _hO153,3N05x, P3
_cTEXL
_2CC
999 _c366652
_d366652